000 00501nam a2200169 4500
999 _c17397
_d17397
008 221008b ||||| |||| 00| 0 eng d
020 _a9781641720410
082 _22019
_aDC 539.7
_bW22
100 _aWare, Leonel.
_946294
245 _aNuclear physics /
_cLeonel Ware.
260 _aNew York :
_bLarsen & Keller,
_c©2019.
300 _aviii, 220 pages :
_billustrations ;
_c26 cm.
500 _aIncludes index.
650 _aNuclear physics.
_946295
650 _aPhysics.
_946296
942 _2ddc
_cDC